Niñez y riesgo Ambiental en Argentina /

Guardado en:
Otros Autores: Delucchi, María Belén, (coord.)
Formato: Libro
Idioma:Spanish
Publicado: Buenos Aires : Programa Naciones Unidas Para el Desarrollo, Defensor del Pueblo de la Nación 2010 :
Edición:1a. ed.
Materias:
Etiquetas: Agregar Etiqueta
Sin Etiquetas, Sea el primero en etiquetar este registro!
LEADER 00695nam a22001935a 4500
001 DER.der012547
008 180615s2010####ag#||||||||||||||#||spa||
005 20251217155643.0
245 1 0 |a Niñez y riesgo Ambiental en Argentina /  |c dirigido por Cristina Maiztegui, y María Belén Delucchi. 
250 |a 1a. ed. 
260 |a Buenos Aires :  |b Programa Naciones Unidas Para el Desarrollo,  |c 2010 :  |b Defensor del Pueblo de la Nación 
300 |a 149 p. 
020 |a 9789871560219 
700 1 |a Maiztegui, Cristina,  |e dir. 
700 1 |a Delucchi, María Belén,  |e coord. 
653 |a POLÍTICAS PÚBLICAS 
653 |a SALUD PÚBLICA 
653 |a MEDIO AMBIENTE 
859 |a DERECHO  |b BIB. DERECHO  |h 614  |i DEF  |p 007374